<?xml version="1.0" encoding="UTF-8"?>
<record
    xmlns:xsi="http://www.w3.org/2001/XMLSchema-instance"
    xsi:schemaLocation="http://www.loc.gov/MARC21/slim http://www.loc.gov/standards/marcxml/schema/MARC21slim.xsd"
    xmlns="http://www.loc.gov/MARC21/slim">

  <leader>03912cam a22003738i 4500</leader>
  <controlfield tag="001">18817395</controlfield>
  <controlfield tag="003">OSt</controlfield>
  <controlfield tag="005">20210414114602.0</controlfield>
  <controlfield tag="008">151014s2015    nyu      b    001 0 eng  </controlfield>
  <datafield tag="010" ind1=" " ind2=" ">
    <subfield code="a">  2015021299</subfield>
  </datafield>
  <datafield tag="020" ind1=" " ind2=" ">
    <subfield code="a">9781292085050 (print)</subfield>
  </datafield>
  <datafield tag="020" ind1=" " ind2=" ">
    <subfield code="z">9781292085104 (PDF)</subfield>
  </datafield>
  <datafield tag="020" ind1=" " ind2=" ">
    <subfield code="z">9781292085074 (eText)</subfield>
  </datafield>
  <datafield tag="020" ind1=" " ind2=" ">
    <subfield code="z">9781292085081 (ePub)</subfield>
  </datafield>
  <datafield tag="040" ind1=" " ind2=" ">
    <subfield code="a">DLC</subfield>
    <subfield code="b">eng</subfield>
    <subfield code="c">DLC</subfield>
    <subfield code="e">rda</subfield>
  </datafield>
  <datafield tag="042" ind1=" " ind2=" ">
    <subfield code="a">pcc</subfield>
  </datafield>
  <datafield tag="050" ind1="0" ind2="0">
    <subfield code="a">HF5635.W8633 </subfield>
  </datafield>
  <datafield tag="082" ind1="0" ind2="0">
    <subfield code="a">657</subfield>
    <subfield code="2">23</subfield>
  </datafield>
  <datafield tag="100" ind1="1" ind2=" ">
    <subfield code="a">Sangster, Alan.</subfield>
  </datafield>
  <datafield tag="245" ind1="1" ind2="0">
    <subfield code="a">Frank Wood's business accounting 2. /</subfield>
    <subfield code="c">Alan Sangster.</subfield>
  </datafield>
  <datafield tag="246" ind1="3" ind2=" ">
    <subfield code="a">Frank Wood's business accounting two</subfield>
  </datafield>
  <datafield tag="246" ind1="3" ind2=" ">
    <subfield code="a">Business accounting 2</subfield>
  </datafield>
  <datafield tag="246" ind1="3" ind2=" ">
    <subfield code="a">Business accounting two</subfield>
  </datafield>
  <datafield tag="250" ind1=" " ind2=" ">
    <subfield code="a">Thirteenth Edition.</subfield>
  </datafield>
  <datafield tag="260" ind1=" " ind2=" ">
    <subfield code="a">New York :</subfield>
    <subfield code="b">Pearson,</subfield>
    <subfield code="c">2016.</subfield>
  </datafield>
  <datafield tag="263" ind1=" " ind2=" ">
    <subfield code="a">1511</subfield>
  </datafield>
  <datafield tag="300" ind1=" " ind2=" ">
    <subfield code="a">xxii, 856p. :</subfield>
    <subfield code="b">ill. ;</subfield>
    <subfield code="c">25 cm.</subfield>
  </datafield>
  <datafield tag="504" ind1=" " ind2=" ">
    <subfield code="a">Includes bibliographical references and index.</subfield>
  </datafield>
  <datafield tag="505" ind1=" " ind2=" ">
    <subfield code="a">Contents: Part 1: Special accounts: 1. Accounting for branches -- 2. Purchases by instalments -- 3. Contract accounts -- Part 2: Companies: 4. Limited companies: general background -- 5. The issue of shares and loans notes -- 6. Companies purchasing and redeeming their own shares and loans notes -- 7. Limited companies taking over other businesses -- 8. Taxation in companies company financial statements -- 9. Provisions, reserves and liabilities -- 10. The increases and reduction of the share capital of limited companies -- 11. Accounting standards, related documents and accounting ethics --12. The financial statements of of limited companies: statements of profit of loss, related statements and notes -- 13. The financial statement of limited companies: statement of financial position -- 14. Published financial statements of limited companies: accompanying notes -- 15. Statements of cash flows -- Part 3: Groups: 16. Group financial statements: an introduction -- 17.  Consolidation of statements of financial position: basic mechanics (1) -- 18. Consolidation of statements of financial position: basic mechanics (2) -- 19. Inter company dealings: indebtedness and unrealized profit in inventory -- 20. Consolidated financial statements: acquisition of shares in subsidiaries at different dates -- 21. Intra-group dividends -- 22. Consolidated statements of financial position: sundry matters -- 23. Consolidation of the financial statements of a group of companies -- 24. Consolidated statements of profit or loss and statements of comprehensive income -- 25. Business combinations: purchase method accounting -- 26. Standards covering subsidiaries, associates and joint arrangements -- Part 4: Financial calculations and analysis: 27. Interest, annuities and leasing -- 28. Accounting ratios -- 29. Interpretation of financial information -- Part 5: Issues in financial reporting: 30. Theories of accounting-related choice -- 31.Theories of accounting practice -- 32. Current cost accounting -- 33. Social and environmental reporting and integrated reporting -- 34. Corporate governance -- 35. Public sector accounting -- 36. Accounting for management control -- Part 6: The emerging business environment of accounting: 37. The supply chain and enterprise resource planning systems -- 38. E-commerce and accounting -- 39. Forensic accounting -- Part 7: Costing: 40. Elements of costing -- 41. Absorption and marginal costing -- 42. Job, batch and process costing -- Part 8: Budgets: 43. Budgeting and budgetary control -- 44. Cash budgets -- 45. Co-ordination of budgets -- Part 9: 46. Standard costing -- 47. Materials and labour variances -- 48. Overhead and sales variances -- Part 10: Planning, control and decision-making: 49. Breakeven analysis -- 50. Capital expenditure appraisal -- 51. The balanced scorecard.</subfield>
  </datafield>
  <datafield tag="650" ind1=" " ind2="0">
    <subfield code="a">Accounting.</subfield>
  </datafield>
  <datafield tag="906" ind1=" " ind2=" ">
    <subfield code="a">7</subfield>
    <subfield code="b">cbc</subfield>
    <subfield code="c">orignew</subfield>
    <subfield code="d">1</subfield>
    <subfield code="e">ecip</subfield>
    <subfield code="f">20</subfield>
    <subfield code="g">y-gencatlg</subfield>
  </datafield>
  <datafield tag="942" ind1=" " ind2=" ">
    <subfield code="2">lcc</subfield>
    <subfield code="c">BK</subfield>
  </datafield>
  <datafield tag="999" ind1=" " ind2=" ">
    <subfield code="c">6610</subfield>
    <subfield code="d">14110</subfield>
  </datafield>
  <datafield tag="952" ind1=" " ind2=" ">
    <subfield code="0">0</subfield>
    <subfield code="1">0</subfield>
    <subfield code="2">lcc</subfield>
    <subfield code="4">0</subfield>
    <subfield code="7">0</subfield>
    <subfield code="a">WIUC-1</subfield>
    <subfield code="b">WIUC-1</subfield>
    <subfield code="c">REF</subfield>
    <subfield code="d">2018-07-27</subfield>
    <subfield code="l">0</subfield>
    <subfield code="o">HF5635.W8633</subfield>
    <subfield code="p">8209/027/18</subfield>
    <subfield code="r">2018-07-27 00:00:00</subfield>
    <subfield code="t">1</subfield>
    <subfield code="w">2018-07-27</subfield>
    <subfield code="y">BK</subfield>
  </datafield>
  <datafield tag="952" ind1=" " ind2=" ">
    <subfield code="0">0</subfield>
    <subfield code="1">0</subfield>
    <subfield code="2">lcc</subfield>
    <subfield code="4">0</subfield>
    <subfield code="7">0</subfield>
    <subfield code="a">WIUC-1</subfield>
    <subfield code="b">WIUC-1</subfield>
    <subfield code="c">REF</subfield>
    <subfield code="d">2018-07-27</subfield>
    <subfield code="l">0</subfield>
    <subfield code="o">HF5635.W86331</subfield>
    <subfield code="p">8210/028/18</subfield>
    <subfield code="r">2018-07-30 00:00:00</subfield>
    <subfield code="t">2</subfield>
    <subfield code="w">2018-07-27</subfield>
    <subfield code="y">BK</subfield>
  </datafield>
  <datafield tag="952" ind1=" " ind2=" ">
    <subfield code="0">0</subfield>
    <subfield code="1">0</subfield>
    <subfield code="2">lcc</subfield>
    <subfield code="4">0</subfield>
    <subfield code="7">0</subfield>
    <subfield code="a">WIUC-1</subfield>
    <subfield code="b">WIUC-1</subfield>
    <subfield code="c">REF</subfield>
    <subfield code="d">2018-07-27</subfield>
    <subfield code="l">0</subfield>
    <subfield code="o">HF5635.W86332</subfield>
    <subfield code="p">8211/029/18</subfield>
    <subfield code="r">2018-07-30 00:00:00</subfield>
    <subfield code="t">3</subfield>
    <subfield code="w">2018-07-27</subfield>
    <subfield code="y">BK</subfield>
  </datafield>
  <datafield tag="952" ind1=" " ind2=" ">
    <subfield code="0">0</subfield>
    <subfield code="1">0</subfield>
    <subfield code="2">lcc</subfield>
    <subfield code="4">0</subfield>
    <subfield code="7">0</subfield>
    <subfield code="a">WIUC-1</subfield>
    <subfield code="b">WIUC-1</subfield>
    <subfield code="c">REF</subfield>
    <subfield code="d">2018-07-27</subfield>
    <subfield code="l">0</subfield>
    <subfield code="o">HF5635.W86333</subfield>
    <subfield code="p">8212/030/18</subfield>
    <subfield code="r">2018-07-30 00:00:00</subfield>
    <subfield code="t">4</subfield>
    <subfield code="w">2018-07-27</subfield>
    <subfield code="y">BK</subfield>
  </datafield>
  <datafield tag="952" ind1=" " ind2=" ">
    <subfield code="0">0</subfield>
    <subfield code="1">0</subfield>
    <subfield code="2">lcc</subfield>
    <subfield code="4">0</subfield>
    <subfield code="7">0</subfield>
    <subfield code="a">WIUC-1</subfield>
    <subfield code="b">WIUC-1</subfield>
    <subfield code="c">REF</subfield>
    <subfield code="d">2018-07-27</subfield>
    <subfield code="l">0</subfield>
    <subfield code="o">HF5635.W86334</subfield>
    <subfield code="p">8213/031/18</subfield>
    <subfield code="r">2018-07-30 00:00:00</subfield>
    <subfield code="t">5</subfield>
    <subfield code="w">2018-07-27</subfield>
    <subfield code="y">BK</subfield>
  </datafield>
  <datafield tag="952" ind1=" " ind2=" ">
    <subfield code="0">0</subfield>
    <subfield code="1">0</subfield>
    <subfield code="2">lcc</subfield>
    <subfield code="4">0</subfield>
    <subfield code="7">0</subfield>
    <subfield code="a">WIUC-1</subfield>
    <subfield code="b">WIUC-1</subfield>
    <subfield code="c">GEN</subfield>
    <subfield code="d">2019-11-01</subfield>
    <subfield code="l">0</subfield>
    <subfield code="o">HF5635.W86(13e)</subfield>
    <subfield code="p">K/1174/1174/19</subfield>
    <subfield code="r">2021-08-10 00:00:00</subfield>
    <subfield code="t">1</subfield>
    <subfield code="w">2021-08-10</subfield>
    <subfield code="y">BK</subfield>
  </datafield>
  <datafield tag="952" ind1=" " ind2=" ">
    <subfield code="0">0</subfield>
    <subfield code="1">0</subfield>
    <subfield code="2">lcc</subfield>
    <subfield code="4">0</subfield>
    <subfield code="7">0</subfield>
    <subfield code="a">WIUC-1</subfield>
    <subfield code="b">WIUC-1</subfield>
    <subfield code="c">GEN</subfield>
    <subfield code="d">2019-11-01</subfield>
    <subfield code="l">0</subfield>
    <subfield code="o">HF5635.W861(13e)</subfield>
    <subfield code="p">K/1175/1175/19</subfield>
    <subfield code="r">2021-08-10 00:00:00</subfield>
    <subfield code="t">2</subfield>
    <subfield code="w">2021-08-10</subfield>
    <subfield code="y">BK</subfield>
  </datafield>
  <datafield tag="952" ind1=" " ind2=" ">
    <subfield code="0">0</subfield>
    <subfield code="1">0</subfield>
    <subfield code="2">lcc</subfield>
    <subfield code="4">0</subfield>
    <subfield code="7">0</subfield>
    <subfield code="a">WIUC-1</subfield>
    <subfield code="b">WIUC-1</subfield>
    <subfield code="c">GEN</subfield>
    <subfield code="d">2019-11-01</subfield>
    <subfield code="o">HF5635.W862(13e)</subfield>
    <subfield code="p">K/1176/1176/19</subfield>
    <subfield code="r">2021-08-10 00:00:00</subfield>
    <subfield code="t">3</subfield>
    <subfield code="w">2021-08-10</subfield>
    <subfield code="y">BK</subfield>
  </datafield>
  <datafield tag="952" ind1=" " ind2=" ">
    <subfield code="0">0</subfield>
    <subfield code="1">0</subfield>
    <subfield code="2">lcc</subfield>
    <subfield code="4">0</subfield>
    <subfield code="7">0</subfield>
    <subfield code="a">WIUC-1</subfield>
    <subfield code="b">WIUC-1</subfield>
    <subfield code="c">GEN</subfield>
    <subfield code="d">2019-11-01</subfield>
    <subfield code="l">0</subfield>
    <subfield code="o">HF5635.W863(13e)</subfield>
    <subfield code="p">K/1177/1177/19</subfield>
    <subfield code="r">2021-08-10 00:00:00</subfield>
    <subfield code="t">4</subfield>
    <subfield code="w">2021-08-10</subfield>
    <subfield code="y">BK</subfield>
  </datafield>
  <datafield tag="952" ind1=" " ind2=" ">
    <subfield code="0">0</subfield>
    <subfield code="1">0</subfield>
    <subfield code="2">lcc</subfield>
    <subfield code="4">0</subfield>
    <subfield code="7">0</subfield>
    <subfield code="a">WIUC-1</subfield>
    <subfield code="b">WIUC-1</subfield>
    <subfield code="c">GEN</subfield>
    <subfield code="d">2019-11-01</subfield>
    <subfield code="l">0</subfield>
    <subfield code="o">HF5635.W864(13e)</subfield>
    <subfield code="p">K/1178/1178/19</subfield>
    <subfield code="r">2021-08-10 00:00:00</subfield>
    <subfield code="t">5</subfield>
    <subfield code="w">2021-08-10</subfield>
    <subfield code="y">BK</subfield>
  </datafield>
  <datafield tag="952" ind1=" " ind2=" ">
    <subfield code="0">0</subfield>
    <subfield code="1">0</subfield>
    <subfield code="2">lcc</subfield>
    <subfield code="4">0</subfield>
    <subfield code="7">0</subfield>
    <subfield code="a">WIUC-1</subfield>
    <subfield code="b">WIUC-1</subfield>
    <subfield code="c">REF</subfield>
    <subfield code="d">2022-01-31</subfield>
    <subfield code="o">HF5635.W86335(13e)</subfield>
    <subfield code="p">8827/278/20</subfield>
    <subfield code="r">2022-01-31 00:00:00</subfield>
    <subfield code="t">6</subfield>
    <subfield code="w">2022-01-31</subfield>
    <subfield code="y">BK</subfield>
  </datafield>
  <datafield tag="952" ind1=" " ind2=" ">
    <subfield code="0">0</subfield>
    <subfield code="1">0</subfield>
    <subfield code="2">lcc</subfield>
    <subfield code="4">0</subfield>
    <subfield code="7">0</subfield>
    <subfield code="a">WIUC-1</subfield>
    <subfield code="b">WIUC-1</subfield>
    <subfield code="c">REF</subfield>
    <subfield code="d">2022-01-31</subfield>
    <subfield code="o">HF5635.W86336</subfield>
    <subfield code="p">8828/279/20</subfield>
    <subfield code="r">2022-01-31 00:00:00</subfield>
    <subfield code="t">7</subfield>
    <subfield code="w">2022-01-31</subfield>
    <subfield code="y">BK</subfield>
  </datafield>
</record>
